[Event "41st Eastman Open Ghent"]
[Site "Ghent"]
[Date "2018.07.16"]
[Round "5"]
[White "Foisor, Sabina"]
[Black "Michiels, Bart"]
[Result "1/2-1/2"]
[WhiteElo "2285"]
[BlackElo "2554"]
[Annotator "TA"]
[PlyCount "84"]
[EventDate "2018.07.15"]
[EventCountry "BEL"]
[SourceTitle "playchess.com"]
[Source "ChessBase"]
[SourceQuality "1"]

{[%evp 9,84,11,27,13,10,8,14,13,13,18,15,20,7,19,20,21,22,9,16,14,35,0,0,-8,-14,-7,0,-37,-37,-38,-31,-45,2,0,0,-44,0,0,0,0,-10,-10,0,0,0,0,0,0,0,0,0,0,0,0,0,0,0,0,0,0,0,0,0,0,0,0,0,0,0,0,0,0,0,0,0,0,0]} 1. d4 e6 2. c4 d5 3. Nf3 Nf6 4. Bg5 Be7 5. Qc2 Nbd7 {[%cal Bb8d7,Bd7b6,Bb6d5,Bd5c3][%mdl 32]} (5... h6 6. Bxf6 Bxf6 7. Nc3 dxc4 8. e3 c5 9. Rd1 O-O 10. Bxc4 cxd4 11. exd4 Nc6 12. O-O Nxd4 13. Nxd4 Bxd4 {½-½ (30) Dubov,D (2701)-Gelfand,B (2695) Moscow 2018}) 6. e3 {D30: Queen's Gambit Declined: Systems without Nc3} h6 7. Bh4 c5 8. Nc3 cxd4 9. exd4 dxc4 10. Bxc4 Nb6 $146 ({Predecessor:} 10... a6 11. a4 Nb6 12. Bb3 Nbd5 13. O-O {1-0 (74) Kolanek,R (1942)-Piacentile,C (1558) LSS email 2013}) 11. Bb3 Bd7 12. Ne5 Rc8 13. O-O Nfd5 14. Bxe7 Qxe7 (14... Nxe7 {is more complex.} 15. Qd3 Bc6 16. Rad1 O-O 17. Bc2 g6) 15. Bxd5 (15. Qd3 {seems wilder.} O-O 16. f4 Qd6 17. Bc2 f5 18. Bb3) 15... Nxd5 16. Qb3 Nxc3 $1 17. bxc3 Rc7 18. f4 O-O 19. Rae1 Qd6 20. Re3 Qd5 21. c4 Qa5 22. h3 Bc8 23. c5 {The position is equal.} b6 24. c6 Rd8 25. f5 $1 Qd5 26. Qxd5 Rxd5 27. f6 $1 Rxd4 28. Rg3 g6 29. Rxg6+ fxg6 30. f7+ {[#]} Rxf7 $1 31. Rxf7 {Hoping for Rc7.} (31. Nxf7 Ba6) 31... Rd5 32. Rxa7 Rxe5 $11 {[%mdl 4096] Endgame KRB-KR} 33. Ra8 Kf7 34. Rxc8 {KR-KR} Ke7 35. Rb8 {[#] And now c7 would win.} Kd6 36. Rxb6 Kc7 37. Ra6 h5 38. Kf2 g5 39. Kf3 Rf5+ 40. Ke3 Re5+ 41. Kf3 Rf5+ 42. Ke3 Re5+ {Precision: White = 64%, Black = 81%.} 1/2-1/2

[Event "41st Eastman Open Ghent"]
[Site "Ghent"]
[Date "2018.07.16"]
[Round "5"]
[White "Kett, Tim"]
[Black "van Leusden, Dennis"]
[Result "1-0"]
[WhiteElo "2231"]
[BlackElo "2012"]
[Annotator "NA"]
[PlyCount "77"]
[EventDate "2018.07.15"]
[EventCountry "BEL"]
[SourceTitle "playchess.com"]
[Source "ChessBase"]
[SourceQuality "1"]

1. d4 Nf6 2. Nf3 e6 3. Bg5 c5 4. e3 d5 5. c4 cxd4 {LiveBook: 6 Partien D03: Damenbauernspiele} 6. exd4 Qa5+ (6... Nc6 7. Nc3 Be7 8. c5 O-O 9. Bb5 Bd7 10. O-O b6 11. Bxc6 Bxc6 12. b4 bxc5 13. bxc5 Ne4 14. Bxe7 Qxe7 15. Qc2 f6 16. Rab1 Rab8 17. Rb3 Rxb3 18. Qxb3 Nxc3 19. Qxc3 {1-0 (43) Akobian,V (2647)-Tregubov,P (2575) Riadh 2017}) 7. Bd2 Bb4 8. Nc3 Ne4 9. Nxe4 dxe4 10. a3 Bxd2+ 11. Qxd2 Qxd2+ 12. Nxd2 Nc6 13. Nb3 $146 ({Vorgänger:} 13. Nxe4 Nxd4 14. O-O-O e5 15. f4 f6 16. fxe5 fxe5 {½-½ (34) Stryjecki,M (2397)-Koziak,V (2483) Krakow 1999}) 13... b6 14. O-O-O O-O 15. Be2 Bb7 16. Rhe1 Rac8 17. Bf1 Ne7 18. Kb1 Rfd8 19. a4 Bc6 20. a5 Ba4 21. Ka2 $1 Nc6 22. axb6 Bxb3+ 23. Kxb3 Nxd4+ $18 (23... axb6 $14 24. d5 (24. Rxe4 f5 $11) 24... exd5) 24. Kc3 e5 25. bxa7 Nb5+ 26. Kc2 Nd4+ 27. Kb1 f5 28. Re3 Ra8 29. Ra3 Rd7 30. c5 Rdxa7 31. Rxa7 Rxa7 32. Rd2 Rb7 33. Ba6 Rb4 34. Rxd4 Rxd4 35. c6 Rd1+ 36. Kc2 Rd6 37. Bb7 Rd4 38. Kb3 Rd3+ 39. Ka2 1-0

[Event "41st Eastman Open Ghent"]
[Site "Ghent"]
[Date "2018.07.16"]
[Round "5"]
[White "Dauw, Sterre"]
[Black "Zhurov, Sergey"]
[Result "1/2-1/2"]
[WhiteElo "2192"]
[BlackElo "2312"]
[Annotator "TA"]
[PlyCount "40"]
[EventDate "2018.07.15"]
[EventCountry "BEL"]
[SourceTitle "playchess.com"]
[Source "ChessBase"]
[SourceQuality "1"]

{[%evp 21,40,10,18,9,12,-6,-6,0,34,10,7,8,5,0,0,0,0,0,0,0,0]} 1. e4 e5 2. Nf3 Nc6 3. Bb5 Nf6 4. O-O Nxe4 5. Re1 Nd6 6. Nxe5 Be7 7. Bf1 Nf5 {C67: Ruy Lopez: Berlin Defence: 4 0-0 Nxe4} (7... Nxe5 8. Rxe5 O-O 9. d4 Bf6 10. Re1 Nf5 11. d5 Re8 12. Rxe8+ Qxe8 13. Qd3 d6 14. Nd2 Bg5 15. Nf3 Bxc1 16. Rxc1 Bd7 17. Re1 Qd8 18. Qc4 {1-0 (31) Carlsen,M (2843)-Aronian,L (2764) Stavanger 2018}) 8. c3 O-O 9. d4 Nxe5 10. Rxe5 d6 11. Re1 d5 {LiveBook: 85 Games} 12. Bf4 Bd6 13. Bxd6 Nxd6 14. Bd3 {[#]} Qh4 $146 ({Predecessor:} 14... c6 15. Nd2 {0-1 (73) Mista,A (2585)-Kovalenko,I (2682) Warsaw 2015}) 15. Qf3 c6 {The position is equal.} 16. Nd2 Qg4 17. Re3 Qxf3 18. Nxf3 Bf5 19. Bxf5 Nxf5 20. Re5 Nd6 1/2-1/2

[Event "41st Eastman Open Ghent"]
[Site "Ghent"]
[Date "2018.07.16"]
[Round "5"]
[White "van de Lisdonk, Lucien"]
[Black "Stone, Andrew"]
[Result "1/2-1/2"]
[WhiteElo "2092"]
[BlackElo "2157"]
[Annotator "NA"]
[PlyCount "75"]
[EventDate "2018.07.15"]
[EventCountry "BEL"]
[SourceTitle "playchess.com"]
[Source "ChessBase"]
[SourceQuality "1"]

1. e4 e6 2. b3 d5 3. Bb2 dxe4 4. Nc3 Nf6 5. f3 exf3 6. Nxf3 b6 7. Bb5+ c6 8. Bd3 Nbd7 9. O-O Be7 10. Qe1 Qc7 11. Qh4 Bb7 12. Rae1 O-O-O 13. Qh3 h6 14. Ne4 Nxe4 15. Bxe4 Bf6 16. d4 Nc5 17. c3 Nxe4 18. Rxe4 c5 19. Ree1 Bxf3 20. Qxf3 Kb8 21. Re4 cxd4 22. cxd4 Qb7 23. Qf4+ Ka8 24. Re2 Rd7 25. Rc2 Qd5 26. Rc4 Bg5 27. Qg3 f5 28. Re1 Bf6 29. Rec1 Rhd8 30. Rc8+ Rxc8 31. Rxc8+ Kb7 32. Qb8+ Ka6 33. Rc4 Qb7 34. Qe8 Qd5 35. Qc8+ Rb7 36. Bc3 g5 37. Ra4+ Kb5 38. Qe8+ 1/2-1/2

[Event "41st Eastman Open Ghent"]
[Site "Ghent"]
[Date "2018.07.16"]
[Round "5"]
[White "Pienski, Olaf"]
[Black "Hunhdorf, Arnold"]
[Result "1/2-1/2"]
[WhiteElo "2089"]
[BlackElo "2234"]
[Annotator "TA"]
[PlyCount "44"]
[EventDate "2018.07.15"]
[EventCountry "BEL"]
[SourceTitle "playchess.com"]
[Source "ChessBase"]
[SourceQuality "1"]

{[%evp 32,44,0,0,0,0,0,0,2,2,2,2,6,9,6]} 1. e4 c5 2. Nf3 g6 3. d4 cxd4 4. Nxd4 Nc6 5. c4 Nf6 6. Nc3 d6 7. Be2 Nxd4 8. Qxd4 Bg7 9. Be3 O-O 10. Qd2 Be6 11. O-O Qa5 12. Rac1 Rfc8 13. b3 a6 14. f3 b5 15. Nd5 Qxd2 16. Bxd2 Nxd5 17. cxd5 {LiveBook: 42 Games. The position is equal.} Bd7 {B36: Sicilian: Maroczy Bind: Gurgenidze System} (17... Bd4+ 18. Kh1 Bd7 19. Rxc8+ Rxc8 20. Rc1 Rxc1+ 21. Bxc1 e6 22. dxe6 Bxe6 23. g4 d5 24. Bd3 dxe4 25. Bxe4 a5 26. Bc6 a4 27. Bxb5 axb3 28. axb3 Bxb3 29. Bc6 Kg7 30. Kg2 Be6 {½-½ (30) Kantor,G (2514)-Bakhmatsky,V (2404) Tarvisio 2017}) 18. Rxc8+ Rxc8 19. Rc1 Bd4+ 20. Kf1 Rxc1+ 21. Bxc1 f5 22. Bd3 fxe4 $146 ({Predecessor:} 22... Kf7 23. Ke2 Kf6 24. Be3 Be5 25. h3 {0-1 (67) Rodriguez Rodriguez,A (1782)-Martin Perez,L (1946) Padron 2011}) 1/2-1/2

[Event "41st Eastman Open Ghent"]
[Site "Ghent"]
[Date "2018.07.16"]
[Round "5"]
[White "Windelband, Jens"]
[Black "Muradet Casadevall, Albert"]
[Result "1/2-1/2"]
[WhiteElo "2081"]
[BlackElo "2148"]
[Annotator "NA"]
[PlyCount "105"]
[EventDate "2018.07.15"]
[EventCountry "BEL"]
[SourceTitle "playchess.com"]
[Source "ChessBase"]
[SourceQuality "1"]

1. e4 Nf6 2. e5 Nd5 3. c4 Nb6 4. c5 Nd5 5. Bc4 e6 6. Nc3 Nxc3 7. dxc3 Qh4 {LiveBook: 4 Partien} 8. Qe2 {B02: Alekhine's Defence: Chase Variation and lines with early Nc3} Bxc5 9. Nf3 Qd8 10. Bg5 Be7 11. h4 d5 12. O-O-O Bd7 13. Bd3 Nc6 $146 ({Predecessor:} 13... h6 14. Bxe7 Qxe7 15. h5 c5 {½-½ (50) Gaal,A-Kustar,S (2360) Hungary 1994}) 14. Rh3 O-O 15. Bxe7 Qxe7 16. Bxh7+ Kh8 17. Bc2 f5 18. Ng5 Be8 $18 19. f4 b5 20. g4 b4 21. gxf5 exf5 22. Rxd5 bxc3 23. Rxc3 Nb4 24. Ra5 Nxc2 25. Rxc2 Qb4 26. Qd2 Qb6 27. Kb1 Bb5 28. Ra3 Bc6 29. Rb3 Qa6 30. Rbc3 Be4 31. Nxe4 fxe4 32. Rxc7 Rad8 33. Qc1 Qg6 34. R2c6 Qf5 35. Qg1 Rd7 36. Rxd7 Qxd7 37. Rd6 Qf5 38. Qe3 Kg8 39. a3 Qxf4 40. Qxf4 Rxf4 41. e6 Kf8 42. Kc2 Ke7 43. Rd7+ Kxe6 44. Rxg7 a5 45. h5 Ke5 46. Kd2 Rf2+ 47. Ke3 Rf3+ 48. Ke2 Rb3 49. Rg5+ Kd4 50. Rxa5 Rxb2+ 51. Kf1 Ke3 52. h6 Rh2 53. Ra6 1/2-1/2

[Event "41st Eastman Open Ghent"]
[Site "Ghent"]
[Date "2018.07.16"]
[Round "6"]
[White "Epishin, Vladimir"]
[Black "Moradiabadi, Elshan"]
[Result "1/2-1/2"]
[WhiteElo "2541"]
[BlackElo "2538"]
[Annotator "TA"]
[PlyCount "41"]
[EventDate "2018.07.15"]
[EventCountry "BEL"]
[SourceTitle "playchess.com"]
[Source "ChessBase"]
[SourceQuality "1"]

{[%evp 18,41,12,3,22,15,20,10,16,0,0,0,0,10,7,0,8,18,37,12,11,-2,16,0,0,-24]} 1. d4 d5 2. Nf3 Nf6 3. c4 c6 4. Qb3 e6 5. Bg5 Be7 6. e3 Nbd7 7. Nc3 O-O 8. Be2 b6 9. O-O {D60: Queen's Gambit Declined: Classical: Unusual White 7th moves} Bb7 10. Rfd1 {LiveBook: 5 Games} dxc4 11. Bxc4 Nd5 12. Bxe7 (12. Ne4 {seems wilder.} Bxg5 13. Nexg5 Qe7 14. Rac1 h6 15. Ne4) 12... Qxe7 13. a4 $146 ({Predecessor:} 13. Nxd5 exd5 14. Bf1 Rfc8 15. Rac1 Rc7 16. g3 g6 {0-1 (72) Hellsten,J (2564)-Dreev,A (2698) Mallorca 2004}) 13... Nxc3 14. bxc3 c5 15. Be2 Rab8 16. Qa3 Rfe8 17. Ne1 Bc6 18. Bf1 (18. Bb5 $5 {[%cal Rb5c6]} Rbc8 19. Rac1 $11) 18... h6 {The position is equal.} 19. Nc2 Nf6 20. Qb3 Red8 21. c4 {Precision: White = 22%, Black = 56%.} 1/2-1/2

[Event "41st Eastman Open Ghent"]
[Site "Ghent"]
[Date "2018.07.16"]
[Round "6"]
[White "Venkataraman, Karthik"]
[Black "Dauw, Sterre"]
[Result "1-0"]
[WhiteElo "2514"]
[BlackElo "2192"]
[Annotator "TA"]
[PlyCount "45"]
[EventDate "2018.07.15"]
[EventCountry "BEL"]
[SourceTitle "playchess.com"]
[Source "ChessBase"]
[SourceQuality "1"]

{[%evp 23,45,57,57,18,24,18,76,54,125,94,111,106,137,129,138,93,151,137,237,266,341,338,822,798]} 1. d4 Nf6 2. c4 c5 3. d5 e6 4. Nc3 exd5 5. cxd5 d6 6. Nf3 g6 7. e4 Bg7 8. Be2 O-O 9. Nd2 Re8 10. O-O Nbd7 11. a4 Ne5 12. Ra3 {A77: Modern Benoni: Classical: 9...Re8 10 Nd2: 10...a6 and 10...Nbd7} g5 {LiveBook: 75 Games} 13. f4 $146 ({Predecessor:} 13. Qc2 h6 14. Nd1 Ng6 15. Ne3 Rb8 16. Re1 b6 17. f3 a6 18. Ndf1 b5 19. axb5 axb5 20. Ng3 Nh4 21. Bd2 {0-1 (88) Vidit,S (2673)-Indjic,A (2560) chess.com INT 2017}) 13... gxf4 14. Rxf4 {White has an edge.} Ng6 (14... Kh8 $11 {keeps the balance.}) 15. Rf2 $16 Nd7 (15... b6 $14) 16. Nc4 {[%cal Bd2c4,Bc4e3,Be3f5][%mdl 32]} Nde5 {[#] With the idea ...Nxc4.} 17. Ne3 $1 Ne7 18. Bb5 Rf8 19. Qh5 a6 (19... c4 $142) 20. Bf1 Bd7 {[#]} (20... Kh8 $16 {keeps fighting.}) 21. Nf5 $1 $18 Nxf5 22. exf5 {Ne4 is the strong threat.} b5 $2 (22... f6 23. Ne4 Be8) 23. Ne4 {Precision: White = 83%, Black = 15%.} 1-0

[Event "41st Eastman Open Ghent"]
[Site "Ghent"]
[Date "2018.07.16"]
[Round "6"]
[White "Malakhatko, Vadim"]
[Black "Foisor, Sabina"]
[Result "1-0"]
[WhiteElo "2499"]
[BlackElo "2285"]
[Annotator "TA"]
[PlyCount "141"]
[EventDate "2018.07.15"]
[EventCountry "BEL"]
[SourceTitle "playchess.com"]
[Source "ChessBase"]
[SourceQuality "1"]

{[%evp 20,141,45,30,58,59,74,47,52,0,75,44,52,58,54,39,48,21,67,68,66,65,59,54,75,59,120,129,476,101,154,0,99,50,44,55,52,52,59,66,125,118,360,361,342,168,267,220,445,133,122,116,133,131,122,67,188,78,154,164,160,165,345,327,297,129,126,92,89,95,91,57,106,106,196,175,294,277,248,241,400,143,139,138,126,85,105,96,92,107,189,177,347,350,335,339,335,330,293,292,516,481,481,453,460,435,681,662,684,597,5300,5081,5822,5439,5057,4406,3944,2832,1741,1354,5627,5431,4133,4133]} 1. c4 c6 2. Nf3 d5 3. e3 Nf6 4. Nc3 g6 5. d4 Bg7 6. Be2 O-O 7. O-O Bg4 8. cxd5 cxd5 9. Qb3 Bc8 {D94: Grünfeldindisch (Geschlossenes System)} 10. Bd2 Nc6 11. Rfc1 {LiveBook: 20 Partien} a6 $146 {Weiß hat minimalen Vorteil.} ({Vorgänger:} 11... Rb8 12. a4 Bg4 13. h3 Bxf3 14. Bxf3 e6 15. Qa3 Re8 16. a5 a6 17. Qa4 {½-½ (46) Lenic,L (2639)-Andreikin,D (2720) Berlin 2015}) 12. Na4 Ra7 13. Qb6 Nd7 14. Qb3 Nf6 15. h3 Ne4 16. Be1 Qd6 17. Nb6 Be6 18. a4 f5 19. a5 f4 20. Rd1 Bh6 21. exf4 Bxf4 22. Ra4 Qd8 (22... Bh6 $14) 23. Bd3 $1 $16 {[%cal Rd3e4]} Bf7 $2 {[%mdl 8192]} (23... Nf6 $16 {ist zäher.}) 24. Qc2 $2 (24. Bxe4 $1 $18 dxe4 25. d5) 24... Nf6 (24... Bc7 $142) 25. Qb3 $2 (25. Bd2 $16 Bc7 26. Bh6) 25... Bc7 (25... Ne4 $11) 26. Ng5 Qd6 {Droht ...Dh2+ und aus.} 27. g3 Bxb6 28. axb6 Raa8 29. Bd2 Be8 (29... Qd7 $14) 30. Re1 e5 $2 (30... Bf7 $16) 31. dxe5 $18 Nxe5 32. Rd4 (32. Rh4 $142) 32... Nc6 (32... Bf7 $142 33. Bc2 Rae8) 33. Rh4 {zielt auf Te6 ab.} Bd7 $2 (33... Bf7 34. Bc3 Rae8) 34. Bf4 $2 (34. Bc3 $18 {bietet bessere Gewinnchancen.}) 34... Qb4 $16 35. Qxb4 Nxb4 36. Bf1 $1 Nc6 37. Rd1 (37. Bg2 $16 {Schwarz muss nun Sxh7! beachten.} d4 38. Nxh7 $1 {[%mdl 512]} Nxh7 39. Bd5+ Kg7 40. Bh6+ Kh8 41. Bxc6 Bxc6 42. Bxf8 Rxf8 43. Re7 (43. Rxd4 $2 Ng5 $19)) 37... Kg7 {[#]} ({Besser ist} 37... Ne7 $14) 38. Nf3 (38. Rxd5 $1 $18 {[%mdl 512]} Rad8 (38... Nxd5 39. Rxh7+) 39. Rd6) 38... Kg8 (38... h5 $142) 39. Bg2 Ne7 40. Be5 $1 Nf5 $2 (40... Rac8 {kämpft weiter.} 41. Ng5 h5) 41. Rf4 $18 Nh5 {[#]} 42. Rg4 (42. Rc4 $3 $18 {[%mdl 512] und Weiss behält klar die Oberhand.}) 42... Nf6 43. Bxf6 Rxf6 44. Ne5 Be6 45. Rb4 Rd8 46. Rc1 $1 Bc8 (46... Nd6 $16) 47. Rc7 $1 ({Lieber nicht} 47. Rxc8 Rxc8 48. Bxd5+ Kg7 $17) 47... Ng7 (47... Rff8 {ist eine bessere Verteidigung.} 48. Rb3 Rfe8) 48. Rxc8 Rxc8 49. Bxd5+ Kh8 $2 (49... Re6 50. f4 (50. Bxe6+ Nxe6 51. Re4 Kg7 $14) 50... Rc2) 50. Nf7+ $2 (50. Bxb7 $18 {und der Rest ist Schweigen.} Rc1+ 51. Kg2) 50... Rxf7 $16 51. Bxf7 {[%mdl 4096] Endspiel KTL-KTS} Nf5 52. Be6 Rc1+ 53. Kg2 Nd6 54. Bd5 Rc5 {[#]} (54... Rc2 $16 {war angesagt.}) 55. Bf3 $1 $18 Rb5 $2 (55... Rf5 56. g4 Rf6) 56. Rxb5 axb5 {KL-KS} 57. Bd5 Kg7 58. f4 Kf6 59. Kf3 h6 $2 (59... Nc8 {ist wohl besser.} 60. Bxb7 Nxb6) 60. Ke3 {Weiß steht klar auf Gewinn.} Nc8 61. Bxb7 Nxb6 {und die Idee ...Sc4+ ließe Schwarz weiter hoffen.} 62. Kd4 g5 (62... Ke6 $142 63. Bc6 b4) 63. fxg5+ hxg5 64. b3 g4 65. hxg4 Kg5 66. Bf3 Nd7 67. Kd5 b4 68. Kd6 Nf8 69. Kc5 Ne6+ 70. Kxb4 Nd4 {[#]} 71. Bd1 $1 {Precision: Weiß = 51%, Schwarz = 26%.} 1-0

[Event "41st Eastman Open Ghent"]
[Site "Ghent"]
[Date "2018.07.16"]
[Round "6"]
[White "Sarrau, Jelle"]
[Black "Docx, Stefan"]
[Result "1/2-1/2"]
[WhiteElo "2366"]
[BlackElo "2450"]
[Annotator "TA"]
[PlyCount "59"]
[EventDate "2018.07.15"]
[EventCountry "BEL"]
[SourceTitle "playchess.com"]
[Source "ChessBase"]
[SourceQuality "1"]

{[%evp 22,59,21,-31,-8,-43,-43,-35,-17,-29,-30,-84,-84,-88,-71,-79,-60,-65,-48,-48,-48,-55,-52,-54,-51,-58,-59,-64,-54,-44,35,54,47,-24,-24,-30,-38,-44,-29,-38]} 1. Nf3 Nf6 2. c4 g6 3. g3 Bg7 4. Bg2 O-O 5. O-O d6 6. d4 Nbd7 7. Nc3 e5 8. e4 c6 9. h3 Qb6 10. c5 dxc5 11. dxe5 Ne8 12. Bg5 {LiveBook: 6 Games} (12. Na4 $11 Qb4 13. Bd2) 12... Nxe5 {E69: King's Indian: Fianchetto: 6...Nbd7 7 0-0 e5 8 e4 c6 9 h3} (12... Qxb2 13. Na4 Qa3 14. Be7 Nc7 15. Bxf8 Bxf8 16. Qc2 Ne6 17. Rfd1 b5 18. Nc3 Bg7 19. Ne2 Nxe5 20. Nxe5 Bxe5 {0-1 (58) Jarmany,J (2116)-Hebden,M (2489) Wakefield 2016}) 13. Be7 Qxb2 14. Rc1 {[#] Threatens to win with Nxe5.} b6 {Black is slightly better.} 15. Nxe5 Bxe5 16. Qc2 $146 (16. Rc2 $11 Qb4 17. Ne2) ({Predecessor:} 16. Rc2 Qb4 17. Ne2 Ba6 {½-½ (17) Santl,A (2010)-Bergen,K (1915) Bad Woerishofen 2015}) 16... Qxc2 $17 17. Rxc2 Nc7 {Hoping for ...Re8.} 18. Bxf8 Kxf8 19. f4 Bxc3 20. Rxc3 Nb5 21. Rcc1 Nd4 {aiming for ...Ne2+.} 22. Rf2 Ke7 23. Rb2 Be6 24. Bf1 h5 25. Kf2 c4 (25... Kd6 $15) 26. Bxc4 $14 Bxh3 27. Ke3 (27. a4 $14) 27... c5 $11 28. Bd5 Rc8 29. a4 Bd7 30. Ra1 {Precision: White = 35%, Black = 56%.} 1/2-1/2

[Event "41st Eastman Open Ghent"]
[Site "Ghent"]
[Date "2018.07.16"]
[Round "6"]
[White "Abolianin, Arthur"]
[Black "Slijper, Thomas"]
[Result "1-0"]
[WhiteElo "2327"]
[BlackElo "1919"]
[Annotator "NA RC"]
[PlyCount "65"]
[EventDate "2018.07.15"]
[EventCountry "BEL"]
[SourceTitle "playchess.com"]
[Source "ChessBase"]
[SourceQuality "1"]

1. g3 c5 2. Bg2 g6 3. c4 Bg7 4. Nc3 Nc6 5. Nh3 e6 {A36: Symmetrical English vs ...g6: 4 Bg2 Bg7} (5... d6 6. Nf4 Nf6 7. a3 h5 8. h4 O-O 9. e3 Bg4 10. Qa4 Bd7 11. Qc2 Rb8 12. Rb1 Ne5 13. d3 {0-1 (30) Iturrizaga Bonelli,E (2650)-Saric,I (2664) chess.com INT 2018}) 6. Nf4 Nge7 7. h4 h6 8. d3 a6 9. Bd2 Rb8 10. Ne4 $146 ({Predecessor:} 10. Qc1 d6 11. O-O b5 12. Re1 b4 13. Nd1 Nd4 14. e3 {0-1 (36) Popovic,N (2241)-Radovanovic,M (2369) Ruma 2017}) 10... d6 11. Bc3 Bxc3+ 12. bxc3 Nf5 13. a4 O-O 14. Nd2 Bd7 15. O-O Nce7 16. e4 Ng7 17. a5 Bc6 18. Re1 b5 19. axb6 Rxb6 20. Ra2 (20. d4 $142) 20... Qa8 (20... g5 $14 21. hxg5 hxg5) 21. Qa1 Rfb8 22. d4 cxd4 $18 (22... Qa7 $16 {keeps fighting.} 23. Nd3 Qc7) 23. cxd4 Qb7 24. Nd3 Ra8 25. d5 Bd7 26. c5 dxc5 27. Nc4 Rb4 28. Nxb4 cxb4 29. Rb1 exd5 30. exd5 Ngf5 31. d6 Nd5 32. Qe5 Be6 33. Ra5 1-0

[Event "41st Eastman Open Ghent"]
[Site "Ghent"]
[Date "2018.07.16"]
[Round "6"]
[White "Zhurov, Sergey"]
[Black "Kok, Cas"]
[Result "1-0"]
[WhiteElo "2312"]
[BlackElo "2031"]
[Annotator "TA"]
[PlyCount "110"]
[EventDate "2018.07.15"]
[EventCountry "BEL"]
[SourceTitle "playchess.com"]
[Source "ChessBase"]
[SourceQuality "1"]

{[%evp 16,110,0,0,4,14,10,0,7,-22,-10,-7,-15,-96,-89,-88,-54,-83,-37,-35,-33,-27,0,0,0,0,0,-28,20,15,27,32,33,33,31,41,20,32,22,32,49,6,42,43,43,37,39,40,37,40,41,25,55,56,56,56,70,70,103,103,103,103,103,103,103,103,103,103,103,103,103,103,103,103,255,255,255,255,255,255,255,255,8316,255,255,255,29941,29941,29940,29937,12845,12844,12846,12805,12850,5469,29986]} 1. e4 e5 2. Nf3 Nc6 3. d4 exd4 4. Nxd4 Nf6 5. Nxc6 bxc6 6. e5 Qe7 7. Qe2 Nd5 8. h4 a5 {C45: Schottische Partie} 9. Nd2 {LiveBook: 3 Partien} Ba6 10. Qe4 $146 ({Vorgänger:} 10. c4 Nb6 11. g3 a4 12. Bh3 f6 13. e6 d5 14. b3 Qd6 15. O-O Be7 16. Nf3 dxc4 {0-1 (69) Morozevich,A (2711)-Ragger,M (2698) Berlin 2015}) 10... Bxf1 {Die Stellung ist ausgeglichen.} 11. Kxf1 Qe6 12. c4 Nb6 13. b3 Bb4 14. Qe3 (14. Nf3 $11 {hält das Gleichgewicht.}) 14... a4 $17 15. Bb2 axb3 16. axb3 Rxa1+ 17. Bxa1 d5 18. Bc3 c5 {Weiss muss nun ...d4 beachten.} 19. Bxb4 cxb4 20. Qc5 dxc4 21. bxc4 Qg4 {[%cal Rg4d1]} (21... Qe7 $5 {[%cal Re7c5]} 22. Qb5+ Nd7 $17) 22. Kg1 Qd1+ 23. Nf1 Nd7 24. Qxb4 c5 25. Qc3 Qd4 26. Qxd4 cxd4 $11 {[%mdl 4096] Endspiel KTS-KTS} 27. f4 Ke7 28. Rh3 Rc8 29. Nd2 Nb6 30. Rd3 Nxc4 31. Rxd4 Nxd2 32. Rxd2 $14 {KT-KT} f6 33. Re2 fxe5 34. Rxe5+ Kf6 35. Kh2 g6 36. h5 gxh5 37. Rxh5 Kg6 38. Rg5+ Kf6 39. Kh3 Rc4 40. Kg4 Ra4 41. g3 Ra6 42. Kh5 {zielt auf Kh6 ab.} Ra1 43. Rb5 Rh1+ 44. Kg4 {Und Th5 würde nun gewinnen.} Ra1 $2 (44... Kg6 $16 {war nötig.} 45. Rg5+ Kh6) 45. Rb6+ $18 Kg7 46. Kg5 $1 Ra7 47. g4 Rc7 48. f5 Ra7 $2 (48... Rc4 49. f6+ Kf8 50. Rb8+ Kf7 51. Rb7+ Kg8 52. Rg7+ Kh8) 49. Kh5 $2 (49. f6+ Kf8 50. Kh5) 49... Ra1 {[#]} 50. Rb7+ $1 Kf6 $2 {[#]} (50... Kg8 $18 51. Kg5 Rc1) 51. g5+ $1 Kxf5 52. Rf7+ Ke5 53. Rxh7 {Weiß steht klar auf Gewinn.} Ra6 54. Rf7 Rb6 55. g6 (55. Rf1 $142 Rb7 56. g6) 55... Kd5 {Precision: Weiß = 74%, Schwarz = 48%.} 1-0

[Event "41st Eastman Open Ghent"]
[Site "Ghent"]
[Date "2018.07.16"]
[Round "6"]
[White "Froeyman, Helmut"]
[Black "Guelsen, Taylan"]
[Result "1-0"]
[WhiteElo "2290"]
[BlackElo "2180"]
[Annotator "TA"]
[PlyCount "75"]
[EventDate "2018.07.15"]
[EventCountry "BEL"]
[SourceTitle "playchess.com"]
[Source "ChessBase"]
[SourceQuality "1"]

{[%evp 35,75,56,66,18,51,46,66,21,21,20,22,20,20,0,56,56,56,56,56,56,55,56,57,63,58,63,236,233,233,234,1212,1189,1132,1131,1113,1072,12829,12828,4698,797,29987,29944]} 1. e4 e5 2. Nf3 Nc6 3. Bb5 a6 4. Ba4 Nf6 5. O-O Be7 6. Re1 b5 7. Bb3 d6 8. c3 Nb8 9. d4 Nbd7 10. Nbd2 Bb7 11. Bc2 O-O 12. Nf1 Re8 13. Ng3 g6 14. a4 Bf8 15. h3 Bg7 16. Bd3 c6 {C95: Closed Ruy Lopez: Breyer Variation with 10 d4} (16... d5 17. Bg5 b4 18. cxb4 h6 19. Bxf6 Qxf6 20. Rc1 Qd6 21. exd5 exd4 22. Ne4 Qxb4 23. Rxc7 Ne5 24. Nxe5 Rxe5 {½-½ (32) Anand,V (2783)-Santos Latasa,J (2542) Leon 2017}) 17. Be3 h6 18. Qd2 Kh7 {LiveBook: 3 Games. White is slightly better.} 19. b3 Qc7 20. dxe5 $146 ({Predecessor:} 20. Rac1 Rad8 21. Qa2 Re7 22. b4 Nb6 23. a5 Nbd7 24. c4 exd4 25. Bxd4 Qb8 {½-½ (49) Ajrapetian,G (2298)-Tarlev,K (2492) Moscow 2008}) 20... dxe5 21. c4 {[%cal Rc4b5]} bxa4 $1 22. c5 axb3 23. Bc4 Nf8 24. Qc3 Nd5 (24... Bc8 $11) 25. exd5 $14 cxd5 26. Bxb3 d4 27. Nxd4 $1 exd4 28. Bxd4 Qc6 {[%csl Gb7][%cal Rc6g2] [#]} 29. f3 Bxd4+ 30. Qxd4 Ne6 $2 (30... Rad8 $1 $14 31. Qc3 Qc7) 31. Bxe6 $1 $18 Rxe6 32. Ne4 Rae8 $2 {[#]} (32... Rc8 33. Rab1 Qc7) 33. Nf6+ $1 {[%mdl 512]} Rxf6 34. Rxe8 Qxe8 35. Qxf6 Qe3+ 36. Kh2 Bd5 37. Qd6 (37. Rd1 $142 Qe6 38. Qxe6 Bxe6 39. c6) 37... Bxf3 38. Rf1 {Precision: White = 63%, Black = 38%.} ({Stronger than} 38. gxf3 Qf2+ 39. Kh1 Qxf3+ 40. Kg1 Qe3+ 41. Kg2 Qe2+ 42. Kg1 Qe3+ 43. Kh1 Qf3+ 44. Kg1 Qe3+ $11) 1-0